Effective writing : a handbook for accountants / (Record no. 2830)

000 -LEADER
fixed length control field 00999cam a22003014a 4500
001 - CONTROL NUMBER
control field 12881068
003 - CONTROL NUMBER IDENTIFIER
control field OSt
005 - DATE AND TIME OF LATEST TRANSACTION
control field 20160819113327.0
008 - FIXED-LENGTH DATA ELEMENTS--GENERAL INFORMATION
fixed length control field 020802s2003 njua b 001 0 eng
010 ## - LIBRARY OF CONGRESS CONTROL NUMBER
LC control number 2002070207
020 ## - INTERNATIONAL STANDARD BOOK NUMBER
International Standard Book Number 0130934895
040 ## - CATALOGING SOURCE
Original cataloging agency DLC
Transcribing agency DLC
Modifying agency DLC
042 ## - AUTHENTICATION CODE
Authentication code pcc
050 00 - LIBRARY OF CONGRESS CALL NUMBER
Classification number HF5719.M375 2003
082 00 - DEWEY DECIMAL CLASSIFICATION NUMBER
Classification number 808/.066657
Edition number 21
100 1# - MAIN ENTRY--PERSONAL NAME
Personal name May, Claire Arevalo.
245 10 - TITLE STATEMENT
Title Effective writing : a handbook for accountants /
Statement of responsibility, etc Claire B. May, Gordon S. May.
250 ## - EDITION STATEMENT
Edition statement 6th ed.
260 ## - PUBLICATION, DISTRIBUTION, ETC. (IMPRINT)
Place of publication, distribution, etc Upper Saddle River, N.J. :
Name of publisher, distributor, etc Prentice Hall,
Date of publication, distribution, etc c2003.
300 ## - PHYSICAL DESCRIPTION
Extent xii, 242 p. :
Other physical details ill. ;
Dimensions 23 cm.
504 ## - BIBLIOGRAPHY, ETC. NOTE
Bibliography, etc Includes bibliographical references and index.
650 #0 - SUBJECT ADDED ENTRY--TOPICAL TERM
Topical term or geographic name as entry element Business report writing.
650 #0 - SUBJECT ADDED ENTRY--TOPICAL TERM
Topical term or geographic name as entry element Communication in accounting.
700 1# - ADDED ENTRY--PERSONAL NAME
Personal name May, Gordon S.
906 ## - LOCAL DATA ELEMENT F, LDF (RLIN)
a 7
b cbc
c orignew
d 1
e ocip
f 20
g y-gencatlg
942 ## - ADDED ENTRY ELEMENTS (KOHA)
Source of classification or shelving scheme
Koha item type Book
Holdings
Withdrawn status Lost status Source of classification or shelving scheme Damaged status Not for loan Home library Current library Shelving location Date acquired Total Checkouts Full call number Barcode Date last seen Date checked out Copy number Price effective from Koha item type
          Riara University Library Riara University Library General stack 19/08/2016 3 HF5719.M375 2003 8036/16 14/06/2017 30/05/2017 C.1 19/08/2016 Book

Riara University Library,
P.O. Box 49940-00100,
Nairobi, Kenya.